banner-ar

BILDATLAS ZUM SPORT IM ALTEN AGYPTEN: CORPUS DER BILDLICHEN QUELLEN ZU LEIBESUBUGEN, SPIEL, JAGD, TANZ UND VERWANDTEN THEMEN / (Record no. 14233)

MARC details
000 -الفاتح
حقل البيانات ثابتة الطول 00623nam a2200205Ia 4500
040 ## - مصدر الفهرسة
وكالة الفهرسة الأصلية GCL /
وكالة النسخ GCL
082 04 - رقم تصنيف ديوى العشرى
رقم التصنيف CC
رقم المادة 796.0962
-- D B
100 1# - المدخل الرئيسى - إسم شخصى
الإسم الشخصى DECKER, WOLFGANG
245 10 - بيان العنوان
العنوان BILDATLAS ZUM SPORT IM ALTEN AGYPTEN: CORPUS DER BILDLICHEN QUELLEN ZU LEIBESUBUGEN, SPIEL, JAGD, TANZ UND VERWANDTEN THEMEN /
بيان المسئوليه,etc DECKER, WOLFGANG
700 1# - المدخل الاضافى - اسم شخصى
الإسم الشخصى HERB, MICHAEL
260 ## - PUBLICATION, DISTRIBUTION, ETC. (IMPRINT)
تاريخ النشر أو التوزيع 1994
300 ## - الوصف المادى
التعداد 1009 P
650 04 - المدخل الاضافى بالموضوع-مصطلح موضوعى
مصطلح موضوعي SPORTS
650 04 - المدخل الاضافى بالموضوع-مصطلح موضوعى
مصطلح موضوعي ARTS
650 04 - المدخل الاضافى بالموضوع-مصطلح موضوعى
مصطلح موضوعي SPORT - EGYPT - PICTORIALS WORKS
650 04 - المدخل الاضافى بالموضوع-مصطلح موضوعى
مصطلح موضوعي SPORT - HISTORY - EGYPT
650 04 - المدخل الاضافى بالموضوع-مصطلح موضوعى
مصطلح موضوعي EGYPT - CIVILIZATION
942 ## - عناصر المدخل الإضافي( كوها)
مصدر التصنيف او مخطط الترفيف Dewey Decimal Classification
Koha [default] item type كتاب
260 ## - PUBLICATION, DISTRIBUTION, ETC. (IMPRINT)
-- [S.N] :
-- E. J. BRILL ،
Holdings
حالة التراجع حالة الفقد حالة تلف ليس للاعارة المكان المؤقت الموقع الحالى تاريخ الاكتساب اجمالي اﻻعارات رقم الطلب الباركود تاريخ اخر مشاهدة تاريخ تفعيل السعر نوع وعاء كوها
        مكتبة القاهرة الكبرى مكتبة القاهرة الكبرى 03/26/2014   CC\796.0962\D B 26735 03/26/2014 03/26/2014 كتاب

Powered By

EGPV